000
00289nam a2200109Ia 4500
008
171211s9999 xx 000 0 und d
245
_a
Freisteller & Bildmontage
245
_c
Charlie Dombrow
260
_c
2017
650
_x
Hobbies
856
_u
http://down.ebook777.com/065/364560426X.pdf
999
_c
350314
_d
350314